AH International Schools' Libraries

Paddington: sets sail / (Record no. 49538)

MARC details
000 -LEADER
fixed length control field 00289nam a2200109 4500
020 ## - INTERNATIONAL STANDARD BOOK NUMBER
International Standard Book Number 9780062430649
100 ## - MAIN ENTRY--PERSONAL NAME
Personal name Bond, Michael
245 ## - TITLE STATEMENT
Title Paddington: sets sail /
Statement of responsibility, etc Michael Bond & R. W. Alley
260 ## - PUBLICATION, DISTRIBUTION, ETC. (IMPRINT)
Place of publication, distribution, etc New York
Name of publisher, distributor, etc Harper
Date of publication, distribution, etc 2016
300 ## - PHYSICAL DESCRIPTION
Extent 32 p.
Other physical details col. ill.
Dimensions 23 cm.
942 ## - ADDED ENTRY ELEMENTS (KOHA)
Source of classification or shelving scheme
Koha item type Book
Holdings
Withdrawn status Lost status Source of classification or shelving scheme Damaged status Not for loan Home library Current library Shelving location Date acquired Total Checkouts Full call number Barcode Checked out Date last seen Date checked out Price effective from Koha item type
          Asian Hope Early Years Library Asian Hope Early Years Library Easy Reading 09/09/2025 8 X BON 211207 04/29/2026 04/29/2026 04/29/2026 09/09/2025 Book

For any Logos Library related questions please contact Miss Art at swongnarasuk@asianhope.org.

For any Asian Hope Library related questions please contact Miss Raza at graza@asianhope.org.

Powered by Koha